| 000 | 00918 a2200217 4500 | ||
|---|---|---|---|
| 003 | NUST | ||
| 005 | 20221216153422.0 | ||
| 010 | _a 76020232 | ||
| 020 | _a0816505624 : | ||
| 040 | _cNust | ||
| 082 | 0 | 0 | _a333.79,ARI |
| 245 | 0 | 0 |
_aArizona energy : _ba framework for decision / _ccontributors, Kenneth K. Barnes ... [et al.] ; M. Ellen Hale, editor. |
| 260 |
_aTucson : _bUniversity of Arizona Press, _c1976. |
||
| 300 |
_axiv, 160 p. : _bill. ; _c22 cm. |
||
| 505 | _aArizona Energy Economy (Page-1), Energy Conversion And Use (Page-19), Arizona Potential Energy Resources And Their Availability (Page-43), Energy Decision Making In Arizona (Page-108), Where Do We Go From Here? (Page-132). | ||
| 650 | 0 |
_aEnergy policy _zArizona. _9105105 |
|
| 650 | 0 |
_aPower resources _zArizona. _9105106 |
|
| 700 | 1 |
_aBarnes, Kenneth Kirtland, _d1921- _9105107 |
|
| 700 | 1 |
_aHale, M. Ellen. _9105108 |
|
| 942 |
_2ddc _cBK _k333.79,ARI |
||
| 999 |
_c184326 _d184326 |
||